| 000 | 00375 a2200157 4500 | ||
|---|---|---|---|
| 001 | 75230 | ||
| 020 | _a85-60630-15-8 | ||
| 040 | _cAnchieta - Colégio São Paulo | ||
| 100 | _aNogueira, Marcos Aurélio | ||
| 240 | 1 | 0 |
_aAfro-Indígena: _lpor |
| 245 | 1 | 0 | _aAfro-Indígena: |
| 300 | _a80 | ||
| 362 | 0 | _a2015 | |
| 650 | 4 | _aGrupo por nacioanildade, etinia, raça | |
| 942 | _cBK | ||
| 999 |
_c75230 _d75230 |
||